| 000 | 00690nab a2200193 4500 | ||
|---|---|---|---|
| 001 | 244442 | ||
| 003 | OSt | ||
| 005 | 20260223102001.0 | ||
| 007 | tu | ||
| 008 | 260223s2020||||||| | ||
| 040 |
_aDE-2950 _cDE-2950 |
||
| 245 | 0 | 0 |
_aSparpläne bei der Kultur vom Tisch _bStadtpolitik. Die Demonstrationen vor dem Rathaus in Frankfurt hatten. Erfolg. Die Mehrheit der Stadtverordneten wollte die Kürzungen am Ende nicht mittragen. Nur eine Fraktion enthielt sich/ _cNicole Buhlau |
| 264 | _c2025 | ||
| 653 | _aFrankfurt (Oder) | ||
| 653 | _aKultur | ||
| 653 | _aSparpläne | ||
| 773 | 0 |
_g37. Jahrgang (2026) Nr. 44 vom 21.02.2026 , S. 19 mit Foto _tMärkische Oderzeitung |
|
| 942 |
_2z _cA |
||
| 999 |
_c374314 _d374314 |
||